000 00947nam a2200289 i 4500
003 EG-GICUC
005 20260403091345.0
008 260403s1913 uk ||||fr|||| 00| 0 eng d
040 _aEG-GiCUC
_beng
_cEG-GiCUC
_dEG-GiCUC
_eRda
082 0 4 _221
_a341.28
_bTA . C
092 0 4 _221
099 _aLaw1 11 341.28 TA . C 1913
100 1 _aTarring,Charles James
_eAuthor.
245 _aChapters on the Law Relating to the Colonies /
_cCharles James Tarring .
250 _aFourth Edition
264 1 _aLondon :
_bStevens and Haynes, Law Publishers ,
_c1913 .
300 _a308 page ;
_c24 cm.
336 _2rda contenu
_a texte
337 _2rda medias
_aOrdinateur
338 _2 transporteur rda
_a Ressource en ligne
546 _aText in English
650 _aPublic International Law
650 _aNon-Independent Regions
856 4 0 _uhttps://fll.law.cu.edu.eg/fulltext/bks/B11-06677.pdf
905 _a59
942 _2ddc
_n0
_cBK
_e21
999 _c68530
_d68530